Basic theory and practice of quantitative chemical analysis

שמור ב:
מידע ביבליוגרפי
Main Authors: Fischer, Robert B (Author), Peters, Dennis G (Author)
פורמט: ספר
שפה:אנגלית
יצא לאור: Filadelfia W. B. Saunders 1968
מהדורה:3a. ed
נושאים:
תגים: הוספת תג
אין תגיות, היה/י הראשונ/ה לתייג את הרשומה!

MARC

LEADER 00000nam a2200000 a 4500
001 UCV3701
003 CL-VaPUC
008 910703e19680000US |||||||||||||||||eng|d
082 0 4 |a 545  |b FIS  |2 21 
100 0 |a Fischer, Robert B  |e author  |9 297996 
700 0 |a Peters, Dennis G  |e author  |9 297997 
245 1 0 |a Basic theory and practice of quantitative chemical analysis 
250 |a 3a. ed 
300 |a 883 p 
942 |c BK 
945 |d 19910703 00:00:00 
260 |a Filadelfia  |b W. B. Saunders  |c 1968 
650 0 |a Química analítica cuantitativa  |9 259571 
583 |a last modification  |c 19910703 00:00:00  |k Rodrigo Vera 
999 |c 210840  |d 210838 
952 |0 0  |1 0  |4 0  |6 545_000000000000000_FIS_1968  |7 0  |8 A  |9 187769  |a BIBALI  |b BIBALI  |c GEN  |d 2019-11-14  |i 2553007  |o 545 FIS 1968  |p 2553007  |r 2025-01-20  |w 2019-11-14  |y BK  |k ALI